[Event "Wch U16 Girls"]
[White "Buffon, Maria Ivy Segalin"]
[Black "Jurado, Laura Alves"]
[Site "Florianopolis"]
[Round "7"]
[Result "0-1"]
[Date "2024.11.05"]
[WhiteElo "1571"]
[BlackElo "1680"]
[PlyCount "130"]
[EventDate "2024.10.29"]
[EventType "swiss"]
[EventRounds "11"]
[EventCountry "BRA"]
[SourceTitle "CB45_2024"]
[Source "ChessBase"]
[SourceDate "2024.11.06"]
[SourceVersion "1"]
[SourceVersionDate "2024.11.06"]
[SourceQuality "1"]

1. e4 c6 2. d4 d5 3. exd5 cxd5 4. Bd3 Nf6 5. c3 Nc6 6. Bf4 Bg4 7. Qb3 Na5 8. Qc2 a6 9. Nd2 e6 10. Ngf3 Bd6 11. Bxd6 Qxd6 12. 0-0 0-0 13. Rfe1 Rac8 14. Ne5 Bh5 15. Ndf3 b5 16. a3 Bxf3 17. Nxf3 Nc6 18. Qd2 Qb8 19. Ne5 a5 20. Rac1 Rc7 21. Nxc6 Rxc6 22. h4 Rfc8 23. Rc2 Ne8 24. h5 h6 25. g4 Nf6 26. g5 Ng4 27. gxh6 Qh2+ 28. Kf1 Qh3+ 29. Kg1 Nxh6 30. Bxb5 Nf5 31. Qe3 Qg4+ 32. Kf1 R6c7 33. Ba6 Rb8 34. h6 Nxh6 35. Qg3 Qxg3 36. fxg3 Nf5 37. Kf2 Nxd4 38. Rd2 Nb3 39. Rc2 Nc5 40. Be2 d4 41. Rd1 dxc3 42. bxc3 Ne4+ 43. Kf3 Rxc3+ 44. Bd3 Rxc2 45. Bxc2 Nc3 46. Rd3 Nd5 47. Ba4 Rc8 48. Bb5 Rc3 49. Ke4 Rxd3 50. Bxd3 Kf8 51. Kd4 Ke7 52. Kc5 Kd7 53. Kb5 Kc7 54. Kxa5 g5 55. g4 Ne3 56. Be2 f5 57. gxf5 exf5 58. a4 g4 59. Kb5 f4 60. Bxg4 Nxg4 61. Kc4 f3 62. Kd3 f2 63. Ke2 Kb6 64. Kf1 Ka5 65. Kg2 Kxa4 0-1

[Event "Wch U16 Girls"]
[White "Buffon, Maria Ivy Segalin"]
[Black "Irgit, Arina"]
[Site "Florianopolis"]
[Round "3"]
[Result "0-1"]
[Date "2024.10.31"]
[WhiteElo "1571"]
[BlackElo "1873"]
[PlyCount "68"]
[EventDate "2024.10.29"]
[EventType "swiss"]
[EventRounds "11"]
[EventCountry "BRA"]
[SourceTitle "CB45_2024"]
[Source "ChessBase"]
[SourceDate "2024.11.06"]
[SourceVersion "1"]
[SourceVersionDate "2024.11.06"]
[SourceQuality "1"]

1. e4 c5 2. Nf3 d6 3. d4 cxd4 4. Nxd4 Nf6 5. Nc3 a6 6. f3 e5 7. Nb3 Be6 8. Be3 Nbd7 9. Qd2 h5 10. h4 Be7 11. 0-0-0 Qc7 12. Kb1 b5 13. Qf2 b4 14. Na4 Qc6 15. Nb6 Nxb6 16. Bxb6 Nd7 17. Be3 a5 18. Rd3 a4 19. Nc1 Nc5 20. Bxc5 dxc5 21. Qg3 0-0 22. Qxe5 c4 23. Rd1 a3 24. b3 cxb3 25. Nxb3 Bxb3 26. cxb3 Bf6 27. Bb5 Qc8 28. Qh2 Qc3 29. g4 Qa1+ 30. Kc2 Qxa2+ 31. Kd3 Rad8+ 32. Ke3 Qxh2 33. Rxh2 Rxd1 34. gxh5 Bb2 0-1

[Event "Wch U16 Girls"]
[White "Field, Rowan Soraya"]
[Black "Buffon, Maria Ivy Segalin"]
[Site "Florianopolis"]
[Round "1"]
[Result "1-0"]
[Date "2024.10.29"]
[WhiteElo "1893"]
[BlackElo "1571"]
[PlyCount "101"]
[EventDate "2024.10.29"]
[EventType "swiss"]
[EventRounds "11"]
[EventCountry "BRA"]
[SourceTitle "CB45_2024"]
[Source "ChessBase"]
[SourceDate "2024.11.06"]
[SourceVersion "1"]
[SourceVersionDate "2024.11.06"]
[SourceQuality "1"]

1. e4 e6 2. d4 d5 3. exd5 exd5 4. Bd3 Nc6 5. c3 Bd6 6. Ne2 Nge7 7. 0-0 Bg4 8. Qc2 Qd7 9. a4 Bf5 10. Re1 Bxd3 11. Qxd3 0-0 12. Ng3 Rfe8 13. Na3 a6 14. Be3 Ng6 15. Nf5 Bf4 16. g3 Bxe3 17. Nxe3 Nce7 18. Nac2 h5 19. h4 c6 20. Qe2 Nf5 21. Qxh5 Nh6 22. Nb4 Re4 23. Qf3 Rae8 24. Nd3 Qh3 25. Qg2 Qxg2+ 26. Nxg2 a5 27. Rxe4 Rxe4 28. Re1 Rxe1+ 29. Ngxe1 Nf5 30. Nf3 Nd6 31. Nfe5 Ne7 32. Nd7 Nec8 33. f3 Nf5 34. Kf2 Ncd6 35. b3 f6 36. h5 Kf7 37. g4 Ne7 38. Nf4 Nec8 39. Ng6 b6 40. g5 Ke6 41. gxf6 gxf6 42. Ndf8+ Kf5 43. h6 Nf7 44. h7 b5 45. h8Q Nxh8 46. Nxh8 Nd6 47. Nhg6 bxa4 48. bxa4 Nc4 49. Ne7+ Kg5 50. Ne6+ Kh6 51. Nxc6 1-0

[Event "Joacaba op 2nd"]
[White "Santini, Luiz Miguel Zanella"]
[Black "Buffon, Maria Ivy Segalin"]
[Site "Joacaba"]
[Round "6"]
[Result "1-0"]
[Date "2023.07.02"]
[WhiteElo "1800"]
[BlackElo "1226"]
[PlyCount "73"]
[EventDate "2023.06.30"]
[EventType "swiss"]
[EventRounds "6"]
[EventCountry "BRA"]
[SourceTitle "CBM 215 Extra"]
[Source "ChessBase"]
[SourceDate "2023.09.30"]
[SourceVersion "1"]
[SourceVersionDate "2023.09.30"]
[SourceQuality "1"]

1. e4 e5 2. Nf3 Nc6 3. Bc4 Bc5 4. c3 Nf6 5. d4 exd4 6. cxd4 Bb4+ 7. Nc3 Nxe4 8. 0-0 Nxc3 9. bxc3 Bxc3 10. Qb3 Bxa1 11. Bxf7+ Kf8 12. Bg5 Ne7 13. Re1 d5 14. Bxe7+ Qxe7 15. Rxe7 Kxe7 16. Bxd5 c6 17. Qe3+ Kd8 18. Qg5+ Kc7 19. Qe5+ Kb6 20. Qe1 Bxd4 21. Qb4+ Kc7 22. Qxd4 cxd5 23. Qxd5 Rd8 24. Qb3 Be6 25. Qxe6 Rd1+ 26. Ne1 Rad8 27. Kf1 R8d2 28. g3 Ra1 29. Qc4+ Kd8 30. Qg8+ Kc7 31. Qxg7+ Kb6 32. Qxa1 Ka6 33. Qf6+ b6 34. Qc3 Rd6 35. Qa3+ Kb7 36. Qxd6 Ka6 37. Nd3 1-0

[Event "Florianopolis op 9th"]
[White "Duarte, Giovanna Torqui"]
[Black "Buffon, Maria Ivy Segalin"]
[Site "Florianopolis"]
[Round "9"]
[Result "0-1"]
[Date "2023.01.28"]
[WhiteElo "1040"]
[BlackElo "1703"]
[PlyCount "62"]
[EventDate "2023.01.23"]
[EventType "swiss"]
[EventRounds "10"]
[EventCountry "BRA"]
[SourceTitle "CBM 212 Extra"]
[Source "ChessBase"]
[SourceDate "2023.03.31"]
[SourceVersion "1"]
[SourceVersionDate "2023.03.31"]
[SourceQuality "1"]

1. d4 Nf6 2. Bf4 d5 3. e3 e6 4. Bd3 c5 5. c3 Bd6 6. Bg3 Nc6 7. Nf3 0-0 8. Ne5 c4 9. Be2 Bxe5 10. Bxe5 Nxe5 11. dxe5 Nd7 12. f4 Nc5 13. 0-0 Qb6 14. Rf3 Qxb2 15. Rf1 Nb3 16. axb3 Qxa1 17. bxc4 dxc4 18. Bxc4 Qa5 19. Qh5 Qc5 20. Qe2 Bd7 21. Bd3 f6 22. exf6 Rxf6 23. Rf3 Raf8 24. Rg3 e5 25. Qh5 Bf5 26. Bxf5 Rxf5 27. Qh6 g6 28. Rh3 Rh5 29. Rxh5 Qxe3+ 30. Kf1 Rxf4+ 31. Qxf4 Qxf4+ 0-1

[Event "Florianopolis op 9th"]
[White "Silveira, Benicio Solon"]
[Black "Buffon, Maria Ivy Segalin"]
[Site "Florianopolis"]
[Round "6"]
[Result "0-1"]
[Date "2023.01.26"]
[WhiteElo "1800"]
[BlackElo "1703"]
[PlyCount "66"]
[EventDate "2023.01.23"]
[EventType "swiss"]
[EventRounds "10"]
[EventCountry "BRA"]
[SourceTitle "CBM 212 Extra"]
[Source "ChessBase"]
[SourceDate "2023.03.31"]
[SourceVersion "1"]
[SourceVersionDate "2023.03.31"]
[SourceQuality "1"]

1. e4 e5 2. Nf3 Nc6 3. Nc3 Bc5 4. Bc4 Nf6 5. 0-0 d6 6. d3 h6 7. h3 Be6 8. Bxe6 fxe6 9. Be3 Bb6 10. Bxb6 axb6 11. a3 0-0 12. Rc1 d5 13. Kh1 d4 14. Ne2 Nh5 15. Qd2 Qe7 16. Ng3 Nf4 17. Rfe1 Nxh3 18. gxh3 Rxf3 19. Qe2 Qf7 20. Kg2 Rf8 21. Rf1 Ne7 22. c3 Ng6 23. Rc2 Nf4+ 24. Kh2 Nxe2 25. Rxe2 Qg6 26. Kg2 Rxg3+ 27. fxg3 Rxf1 28. Kxf1 Qxg3 29. cxd4 Qxh3+ 30. Ke1 exd4 31. Rd2 g5 32. Kf2 g4 33. Kg1 Qe3+ 0-1